书目信息 |
| 题名: |
无人读过的书
|
|
| 作者: | 金格里奇 著 ;王今 , 徐国强 译 | |
| 分册: | ||
| 出版信息: | 北京 生活·读书·新知三联书店 2017.01 |
|
| 页数: | 332页 | |
| 开本: | 23cm | |
| 丛书名: | 新知文库 | |
| 单 册: | ||
| 中图分类: | P134-49 | |
| 科图分类: | ||
| 主题词: | 日心地动说--普及读物 | |
| 电子资源: | ||
| ISBN: | 978-7-108-05709-9 | |
| 000 | 01358oam2 2200289 450 | |
| 001 | 3783 | |
| 005 | 20181008145909.43 | |
| 010 | @a978-7-108-05709-9@dCNY45.00 | |
| 100 | @a20170328d2017 em y0chiy50 ea | |
| 101 | 1 | @achi@ceng |
| 102 | @aCN@b110000 | |
| 105 | @aa z 000yd | |
| 200 | 1 | @a无人读过的书@9wu ren du guo de shu@e哥白尼《天体运行论》追寻记@dThe book nobody read@echasing the revolutions of Nicolaus Copernicus@f(美)欧文·金格里奇(Owen Gingerich)著@g王今,徐国强译@zeng |
| 210 | @a北京@c生活·读书·新知三联书店@d2017.01 | |
| 215 | @a332页@c图@d23cm | |
| 225 | 2 | @a新知文库@v70 |
| 330 | @a本书所讲述的是哥白尼《天体运行论》成书背后的故事,作者数次提心吊胆地穿越冷战边界线,又数次卷入该书失窃案,他不断地与历史学家、藏书家、图书馆员、古书商、造假者、窃书贼,甚至联邦调查局和国际刑警组织打交道。四处追踪的收获不仅使他成为近代天文学史的权威,而且使他与妻子成为古书鉴赏家与收藏家。 | |
| 461 | 0 | @12001 @a新知文库 |
| 510 | 1 | @aBook nobody read@echasing the revolutions of Nicolaus Copernicus@zeng |
| 600 | 0 | @a哥白尼@c(Copernicus, Nicolaus@f1473-1543)@x生平事迹 |
| 606 | 0 | @a日心地动说@j普及读物 |
| 690 | @aP134-49@v5 | |
| 701 | 0 | @c(美)@a金格里奇@9jin ge li qi@c(Gingerich, Owen@f1930-)@4著 |
| 702 | 0 | @a王今@9wang jin@4译 |
| 702 | 0 | @a徐国强@9xu guo qiang@4译 |
| 801 | 0 | @aCN@b91MARC@c20170328 |
| 905 | @aMuseLib@dP134-49@e271 | |
| 无人读过的书:哥白尼《天体运行论》追寻记=The book nobody read:chasing the revolutions of Nicolaus Copernicus/(美)欧文·金格里奇(Owen Gingerich)著/王今,徐国强译.-北京:生活·读书·新知三联书店,2017.01 |
| 332页:图;23cm.-(新知文库;70) |
| ISBN 978-7-108-05709-9:CNY45.00 |
| 本书所讲述的是哥白尼《天体运行论》成书背后的故事,作者数次提心吊胆地穿越冷战边界线,又数次卷入该书失窃案,他不断地与历史学家、藏书家、图书馆员、古书商、造假者、窃书贼,甚至联邦调查局和国际刑警组织打交道。四处追踪的收获不仅使他成为近代天文学史的权威,而且使他与妻子成为古书鉴赏家与收藏家。 |
| ● |
| 相关链接 |
|
|
|
|
正题名:无人读过的书
索取号:P134-49/271
 
预约/预借
| 序号 | 登录号 | 条形码 | 馆藏地/架位号 | 状态 | 备注 |
| 1 | 1123707 | 211237071 | 第二样本阅览室/ [索取号:P134-49/271] | 在馆 | |
| 2 | 1123708 | 211237080 | 密集书库-资源管理系/ [索取号:P134-49/271] | 在馆 | |
| 3 | 1123709 | 211237099 | 第三借阅区/ [索取号:P134-49/271] | 在馆 | |
| 4 | 1123710 | 211237106 | 第三借阅区/ [索取号:P134-49/271] | 在馆 | |
| 5 | 1123711 | 211237115 | 第三借阅区/ [索取号:P134-49/271] | 在馆 |